000 00877nam a2200265 a 4500
003 BLK
005 20240612130242.0
007 ta
008 221104b bu |||||r|||| 00| | bu d
040 _aBLK
041 _aBUL
_aENG
_cBUL
080 _9235853
_aОрганизации. Съюзи. Научни институции. Музеи. Изложби
_b06
_z06
084 _aП 17
245 _aПанаир на музейните изложби
246 _aMuseum exhibition fair
260 _9471116
_aРусе
_bРегионален ист. музей - Русе
_c2022
300 _a146 с.
_c15 см
380 _a0
650 7 _9162799
_aМузеи
650 0 _9294995
_aИзложби - България
852 _bК
_c0/П 17
856 _i0.00
_ldisable
942 _cKNG
_n0
944 _a30570
_cМоника Янева
_k30570
_lМоника Янева
999 _c511920
_d511920